000 01328nam0a2200337 4500
001 RU\NLR\bibl\214798
005 20250619102124.0
010 _a5-8069-0042-8
_92500
020 _aRU
_b01-21701
_9Книжная летопись
021 _aRU
_b2001-4413
_9218
035 _a(NLR Aleph) 000210934
090 _a1224353
_c1224353
100 _a20011206d2000 |||y0rusy50 ca
101 0 _arus
102 _aRU
105 _aa |||||||||
200 1 _aТопливная система дизельных двигателей
_eРядные ТНВД. Распределит. ТНВД
_eУстройство. Принцип действия. Регулировки. Ремонт
_eПракт. рук
_f[С. Афонин]
210 _aБатайск
_cПОНЧиК
_d2000
215 _a136 с.
_cил.
_d20
606 0 _aАвтомобильные двигатели Дизеля
_jРуководства, пособия и т.п.
_xТопливная аппаратура
_9889566
_3RU\NLR\auth\661177
675 _a621.431.73-843.6-6
_v3
_zrus
686 _a55
_2rugasnti
686 _a39.354
_2rubbk
686 _aО354-044.2я7
702 1 _aАфонин
_bС.
_4220
801 0 _aRU
_bRKP
_c20011206
_gPSBO
801 1 _aRU
_bRKP
_c20011206
801 2 _aRU
_bNLR
_c20020723
_grcr
942 _cBOOK
980 _aNB